Krátky kurz teórie pravdepodobnosti s aplikačnými príkladmi a úlohami

Bibliographic Details
Main Authors: Bálint, Vojtech, 1946- (Author), Grešák, Pavol, 1936- (Author), Novotný, Pavel, 1948- (Author), Stacho, Milan (Author)
Format: Book
Language:Slovak
PhysicalDescription:219 s. 25 cm
Published: V Žiline Žilinská univerzita 2012
ISBN:9788055405490
Edition:1. vyd.
Series:Vysokoškolské učebnice
Subjects:

MARC

LEADER 00000cam a2200000 a 4500
001 vtls010461979
003 SK-MaSNL
005 20260301214331.0
008 150827s2012 xo e np 001 0 slo
015 |a SNBA2013 
020 |a 9788055405490  |q (brož.) 
035 |a 693D914A-7AEE-4A2F-8683-C0D613F4D7B6 
035 |a urn:nbn:sk:snk-amjlty 
035 |a urn:nbn:sk:snk-am001n2n 
040 |a SNK  |b slo  |c SNK  |e AACR2 
041 0 |a slo 
044 |a xo  |c SK 
072 7 |a 519  |x Kombinatorika. Teória grafov. Matematická štatistika. Operačný výskum. Matematické modelovanie  |2 konspekt 
072 7 |a 37.016  |x Učebné osnovy. Vyučovacie predmety. Učebnice  |2 konspekt 
080 |a 519.21  |2 2001 
080 |a (075.8)  |2 2001 
080 |a (076.1/.3)  |2 2001 
245 0 0 |a Krátky kurz teórie pravdepodobnosti s aplikačnými príkladmi a úlohami  |c Vojtech Bálint ... [et al.] 
250 |a 1. vyd. 
260 |a V Žiline  |b Žilinská univerzita  |c 2012 
300 |a 219 s.  |c 25 cm 
366 |e 400 výtl. 
490 1 |a Vysokoškolské učebnice 
504 |a Obsahuje bibliografiu a register 
650 0 7 |a teória pravdepodobnosti  |2 SNKPH  |9 104068 
650 0 7 |a Probability theory  |2 SNKPHeng  |9 275380 
655 7 |a učebnice vysokých škôl  |2 SNKPH  |9 70191 
655 7 |a zbierky úloh  |2 SNKPH  |9 70562 
655 7 |a Textbooks (higher)  |2 SNKPHeng  |9 276436 
655 7 |a Examinations, questions etc.  |2 SNKPHeng  |9 286217 
700 1 |a Bálint, Vojtech,  |d 1946-  |4 aut  |9 258259 
700 1 |a Grešák, Pavol,  |d 1936-  |4 aut  |9 258257 
700 1 |a Novotný, Pavel,  |d 1948-  |4 aut  |9 122731 
700 1 |a Stacho, Milan  |4 aut  |9 10620 
810 2 |a Žilinská univerzita v Žiline  |t Vysokoškolské učebnice  |9 176451 
830 0 |a Vysokoškolské učebnice  |9 277152 
852 |a Slovenská národná knižnica 
919 |a 978-80-554-0549-0 
954 |a odborná, vedecká literatúra pôvodná (slovenská)  |2 lita 
958 |a NB 
999 |c 924439  |d 926369 
952 |a SNK  |b SNK  |y PREZ  |7 0  |p 17A1054611  |o snkSC 151520  |i snk2012/21180  |8 0  |0 0  |1 0  |4 0  |d 2012-10-19  |l 0  |r 2025-07-22 00:00:00  |w 2026-02-24 
952 |a SNK  |b SNK  |y VYP  |7 0  |p 17A1061266  |o snkSC 151520 D1  |i snk2013/2516  |8 0  |0 0  |1 0  |4 0  |d 2013-02-04  |f 1  |l 0  |r 2026-02-24 08:27:57  |w 2026-02-24